Взаимоотношения врачей и пациентов на детском стоматологическом приеме и пути их улучшения (Запись № 669712)

Подробности
000 -МАРКЕР
контрольное поле 01553nam0a2200325 4500
001 - ИДЕНТИФИКАТОР ЗАПИСИ
контрольное поле RU\NLR\bibl\1028736
005 - ИДЕНТИФИКАТОР ВЕРСИИ
контрольное поле 20260405071102.0
010 ## - МЕЖДУНАРОДНЫЙ СТАНДАРТНЫЙ НОМЕР КНИГИ (ISBN)
Номер (ISBN) 5-91170-003-4
021 ## - НОМЕР ГОСУДАРСТВЕННОЙ РЕГИСТРАЦИИ
Код страны российская федерация
Номер 2007-6111
Номер Листа государственной регистраци 324
035 ## - ДРУГИЕ СИСТЕМНЫЕ НОМЕРА
Идентификатор записи (NLR Aleph) 001016220
100 ## - ДАННЫЕ ОБЩЕЙ ОБРАБОТКИ
Данные общей обработки 20070110d2006 |||y0rusy50 ca
101 0# - ЯЗЫК РЕСУРСА
Язык текста, звукозаписи и т.д. русский
102 ## - СТРАНА ПУБЛИКАЦИИ ИЛИ ПРОИЗВОДСТВА
Страна публикации российская федерация
105 ## - ПОЛЕ КОДИРОВАННЫХ ДАННЫХ: ТЕКСТОВЫЕ МАТЕРИАЛЫ, МОНОГРАФИЧЕСКИЕ
Кодированные данные о монографическом текстовом документе a |||||||||
200 1# - ЗАГЛАВИЕ И СВЕДЕНИЯ ОБ ОТВЕТСТВЕННОСТИ
Основное заглавие Взаимоотношения врачей и пациентов на детском стоматологическом приеме и пути их улучшения
Первые сведения об ответственности Е.Г. Киселева, Д.А. Кузьмина
210 ## - ПУБЛИКАЦИЯ, РАСПРОСТРАНЕНИЕ И ДР.
Место издания, распространения и т.д. Санкт-Петербург
Имя издателя, распространителя и т. д. МЕДИ издтельство
Дата издания, распространения и т.д. 2006
215 ## - ФИЗИЧЕСКАЯ ХАРАКТЕРИСТИКА
Специфическое обозначение материала и объем 48 с.
Другие сведения о физической характеристике ил.
Размеры 23
225 1# - СЕРИЯ
Основное заглавие серии Институт стоматологии
300 ## - ОБЩИЕ ПРИМЕЧАНИЯ
Текст примечания На обороте тит. л. авт.: к.м.н., доц. Е.Г. Киселева, к.м.н. Д.А. Кузьмина
320 ## - ПРИМЕЧАНИЯ О НАЛИЧИИ В ДОКУМЕНТЕ БИБЛИОГРАФИИ / УКАЗАТЕЛЯ
Текст примечания Библиогр.: с. 48 (16 назв.)
606 1# - НАИМЕНОВАНИЕ ТЕМЫ КАК ПРЕДМЕТ
Наименование темы Стоматологическая помощь детям
Географический подзаголовок Российская Федерация
Системный номер авторитетной/нормативной записи 2297075
Идентификатор авторитетной/нормативной записи RU\NLR\auth\661375428
686 ## - ИНДЕКСЫ ДРУГИХ КЛАССИФИКАЦИЙ
Индекс Р11(2)442.866
700 #1 - ИМЯ ЛИЦА - ПЕРВИЧНАЯ ОТВЕТСТВЕННОСТЬ
Код отношения Автор
Материалы, к которым относится поле rus
Графика поля Кириллица
Начальный элемент ввода Киселева
Часть имени, кроме начального элемента ввода Е. Г.
Дополнения к именам, кроме дат канд. мед. наук
Расширение инициалов личного имени Елена Генриховна
Идентификатор авторитетной/нормативной записи RU\NLR\auth\7724231
Системный номер авторитетной/нормативной записи 7282
701 #1 - ИМЯ ЛИЦА - АЛЬТЕРНАТИВНАЯ ОТВЕТСТВЕННОСТЬ
Код отношения Автор
Материалы, к которым относится поле rus
Графика поля Кириллица
Начальный элемент ввода Кузьмина
Часть имени, кроме начального элемента ввода Д. А.
Дополнения к именам, кроме дат д-р мед. наук
Расширение инициалов личного имени Диана Алексеевна
Идентификатор авторитетной/нормативной записи RU\NLR\auth\7724234
Системный номер авторитетной/нормативной записи 7285
801 #0 - ИСТОЧНИК ЗАПИСИ
Страна российская федерация
Организация NLR
Дата составления 20070110
Правила каталогизации RCR
801 #1 - ИСТОЧНИК ЗАПИСИ
Страна российская федерация
Организация NLR
Дата составления 20070110
942 ## - ДОПОЛНИТЕЛЬНЫЕ ЭЛЕМЕНТЫ ЗАПИСИ (АБИС)
Тип экземпляра АБИС Книга
980 ## - КОЛЛЕКЦИЯ
Название коллекции Национальная библиография
Экземпляры
Тип экземпляра Дата поступления Источник поступления Библиотека постоянного хранения Библиотека текущего хранения Место хранения Шифр хранения Штрих-код Статус не для выдачи
Книга 10.01.2007 Покупка РНБ (Московский) РНБ (Московский) Русский книжный фонд: издания с 1957 года, 9этаж 2007-6/8 2334849  
Книга 10.01.2007 Обязательный экземпляр РНБ (Московский) РНБ (Московский) Фонд общего зала литературы по биологии и медицине М1 Р11(2)4/К-440 1-223821  
Книга 19.03.2007 Обязательный экземпляр РНБ (Московский) РНБ (Московский) Русский книжный фонд: издания с 1957 года, 9этаж 2007-6/8 2389489